History Quiz

Random History or Politics Quiz

US Supreme Court Quiz Stats

 Plays Quiz Updated Oct 6, 2018

Challenge
Share
Tweet
Embed
Score 0/9 Timer 03:00
0 Plays Today
Since Justice % Correct
2018Brett Kavanaugh
88%
2005John G. Roberts, Jr.
87.4%
2017Neil Gorsuch
86.6%
1991Clarence Thomas
86%
1993Ruth Bader Ginsburg
83.1%
2009Sonia Sotomayor
76.2%
2006Samuel Anthony Alito, Jr.
71.9%
2010Elena Kagan
66.4%
1994Stephen G. Breyer
53.2%

You're not logged in!

Compare scores with friends on all Sporcle quizzes.
OR
Log In

You Might Also Like...

Show Comments

Extras

Top Quizzes Today


Score Distribution

Your Account Isn't Verified!

In order to create a playlist on Sporcle, you need to verify the email address you used during registration. Go to your Sporcle Settings to finish the process.

Report this User

Report this user for behavior that violates our Community Guidelines.

Details: